| 000 | 00378pab a2200157 454500 | ||
|---|---|---|---|
| 008 | 180718b2010 xxu||||| |||| 00| 0 eng d | ||
| 100 | _aForsund, Finn R. | ||
| 245 | _aDynamic efficiency measurement | ||
| 260 | _c2010 | ||
| 300 | _ap.125-159. | ||
| 362 | _aJul - Dec | ||
| 650 | _aIndustrial production | ||
| 773 | _aIndian Economic Review | ||
| 908 | _aN | ||
| 909 | _a96009 | ||
| 999 |
_c96009 _d96009 |
||